000 02542cgm a2200637 a 4500
003 CGarP
005 20241220105539.0
007 vd|cgaizs
008 000222p19991983cau091 g vleng d
001 461705
020 _a0790740842
024 1 _a085391131021
028 4 2 _a11310
_bWarner Home Video
035 _a(Sirsi) i9780790740843
035 _apms00460139
040 _cXX-XxUND
041 0 _aeng
_bengfre
092 _a791.4372
_bOUT
082 _a791.437 OUT
092 _a791.437 OUT
245 0 4 _aThe outsiders
_h[videorecording] /
_cPony Boy, Inc. ; produced by Fred Roos and Gray Frederickson ; screenplay by Kathleen Knutsen Rowell ; directed by Francis Ford Coppola.
250 _aWidescreen and standard versions.
260 _aBurbank, CA :
_bWarner Home Video,
_cc1999.
300 _a1 videodisc (91 min.) :
_bsd., col. ;
_c4 3/4 in.
500 _aBased on the novel by S.E. Hinton.
500 _aOriginally released as a motion picture in 1983.
501 _aWith: interactive menus, theatrical trailers, and scene access.
508 _aPhotography: Stephen H. Burum ; production design, Dean Taboularis ; music, Carmine Coppola.
511 1 _aC. Thomas Howell, Matt Dillon, Ralph Macchio, Patrick Swayze, Rob Lowe, Diane Lane, Tom Cruise, Lief Garrett.
520 _aA story about teenage hopes, fears, bravery and violent rebellion and living on the right side of the tracks.
521 8 _aMPAA rating: PG.
538 _aDVD Dolby digital surround stereo.
540 _aFor private home use only.
546 _aIn English with English and French subtitles.
546 _aClosed-captioned for the hearing impaired.
650 0 _aAlienation (Social psychology)
_vDrama.
_96500048
650 0 _aTeenagers
_vDrama.
_95699059
655 0 _aFeature films.
_96103683
650 0 _aVideo recordings for the hearing impaired.
_96103684
650 0 _aAlienation (Social psychology)
_vFiction.
_96141315
650 0 _aTeenagers
_vFiction.
_95673851
650 0 _aClosed captioning.
_981579
650 0 _aDVD, Feature
_vDrama
_x1980-1989.
_96500049
700 1 _aCoppola, Francis Ford,
_d1939-
_913538
700 1 _aHowell, C. Thomas,
_d1966-
_940591
700 1 _aDillon, Matt.
_921498
700 1 _aMacchio, Ralph George,
_d1961-
_925142
700 1 _aCruise, Tom,
_d1962-
_929476
700 1 _aHinton, S. E.
_98254
710 2 _aWarner Home Video (Firm)
_961103
920 _a91 min. col. c-c subtitles
942 _cDVD
_0125
993 _aSEP
979 _a296014
998 _aa18817
999 _c10113
_d10113